000 00613nam a22001817a 4500
003 0
005 20250723151815.0
008 241114b xxu||||| |||| 00| 0 eng d
020 _a9781032381701
050 _aH 62
_b.C64 2024
100 _aCohenMiller, Anna,
_eauthor.
245 _aTransformative moments in qualitative research :
_bmethod, theory, and reflection /
_cAnna CohenMiller.
260 _aNew York, NY :
_bRoutledge,
_cc2024.
300 _axxvi, 287 p. :
_bill. ;
_c24 cm.
504 _aIncludes bibliographical references and index.
650 _aQualitative research
_vMethodology.
942 _2lcc
_cBK
999 _c366722
_d366722